Nombre 14 - Culture générale - Statistiques

Statistiques générales
  • Ce quiz a été pris 1 800 fois
  • Le résultat moyen est 10 sur 15
Statistiques - réponses
Indice Réponse % Correct
Fête des amoureux se déroulant le 14 février Saint-Valentin
100%
Surnom du Roi de France Louis XIV le Roi-Soleil
98%
Mention que l'on obtient au baccalauréat en France avec une moyenne supérieure ou égale à 14 et inférieure à 16 Bien
94%
Évènement se déroulant le 14 juillet 1789, menant par la suite à la Fête de la Fédération et à la Fête nationale française Prise de la Bastille
93%
Tennisman ayant remporté 14 tournois de Roland-Garros, un record Rafael Nadal
90%
Évènement auquel fait référence l'expression "C'est reparti comme en 14" Première Guerre mondiale
84%
Échelle de valeurs souvent comprises entre 0 et 14 données à une solution chimique afin de déterminer si celle-ci est basique ou acide Potentiel hydrogène
82%
Variante d'un élément chimique connue pour permettre la datation d'échantillons organiques jusqu'à 50 000 ans dans le passé Carbone 14
67%
Premier empereur de l'Histoire de l'Empire romain, fils adoptif de Jules César et décédant en l'an 14 Auguste
58%
Dénomination officielle du championnat de France de Rugby à XV Top 14
57%
Autorité spirituelle du bouddhisme en étant actuellement à son 14ème représentant Dalaï-Lama
55%
Poème en rimes de 14 vers composant 2 quatrains puis 2 tercets Sonnet
45%
Deuxième plus haut des 14 sommets de la Terre culminant à plus de 8000 mètres K2
43%
Président états-unien ayant proposé un programme en 14 points permettant de reconstruire l'Europe en 1918 Woodrow Wilson
21%
Sculpteur français ayant réalisé La Petite Danseuse de quatorze ans Edgar Degas
12%
Aucun quiz correspondant
Distribution des résultats
% des personnes avec chaque résultat
Percentile par nombre de réponses
Votre historique - résultats
Vous n’avez pas pris ce quiz